At risk: natural hazards, people's vulnarability and disasters (Record no. 84449)

MARC details
000 -LEADER
fixed length control field 00891nam a2200229 a 4500
008 - FIXED-LENGTH DATA ELEMENTS--GENERAL INFORMATION
fixed length control field 120416s2003 ||||||||||||||||| || u
020 ## - INTERNATIONAL STANDARD BOOK NUMBER
International Standard Book Number 0415252164
050 ## - LIBRARY OF CONGRESS CALL NUMBER
Classification number GB 5014 Atr
100 ## - MAIN ENTRY--PERSONAL NAME
Personal name Davies, Ian
245 10 - TITLE STATEMENT
Title At risk: natural hazards, people's vulnarability and disasters
250 ## - EDITION STATEMENT
Edition statement 2nd ed.
260 ## - PUBLICATION, DISTRIBUTION, ETC.
Place of publication, distribution, etc. London
Name of publisher, distributor, etc. Routledge
Date of publication, distribution, etc. 2003
300 ## - PHYSICAL DESCRIPTION
Extent xix, 471p. : ill.
350 ## -
-- 0.00
650 ## - SUBJECT ADDED ENTRY--TOPICAL TERM
Topical term or geographic name entry element DISASTERS
650 ## - SUBJECT ADDED ENTRY--TOPICAL TERM
Topical term or geographic name entry element NATURAL HAZARDS
650 ## - SUBJECT ADDED ENTRY--TOPICAL TERM
Topical term or geographic name entry element NATURAL DISASTERS
700 ## - ADDED ENTRY--PERSONAL NAME
Personal name Cannon, Terry
700 ## - ADDED ENTRY--PERSONAL NAME
Personal name Wisner, Ben
995 ## -
-- MAIN LIBRARY OPEN ACCESS
-- 0.00
-- 736176
-- CBU-MAIN LIBRARY (Kitwe)
-- 1
-- 29.99
-- GB 5014 Atr
-- 1
-- AVAILABLE
-- Feb 23, 2007
-- 38970
-- Main Library Open Access Collection
995 ## -
-- MAIN LIBRARY OPEN ACCESS
-- 0.00
-- 735868
-- CBU-MAIN LIBRARY (Kitwe)
-- 1
-- 24.75
-- GB 5014 Atr
-- 1
-- AVAILABLE
-- Feb 23, 2007
-- 38644
-- Main Library Open Access Collection
999 ## -
-- 84449
-- 84449
Holdings
Withdrawn status Lost status Source of classification or shelving scheme Damaged status Not for loan Permanent Location Current Location Shelving location Date acquired Total Checkouts Full call number Barcode Date last seen Copy number Price effective from Koha item type
          CBU-MAIN LIBRARY, KITWE. CBU-MAIN LIBRARY, KITWE.   01/25/2024   GB 5014 Atr 38970 01/25/2024 1 01/25/2024 MONOGRAPH
          CBU-MAIN LIBRARY, KITWE. CBU-MAIN LIBRARY, KITWE.   01/25/2024   GB 5014 Atr 38644 01/25/2024 2 01/25/2024 MONOGRAPH